MARC details
| 000 -LEADER |
| fixed length control field |
02526nam a2200313 i 4500 |
| 003 - CONTROL NUMBER IDENTIFIER |
| control field |
CSPC |
| 005 - DATE AND TIME OF LATEST TRANSACTION |
| control field |
20260312111918.0 |
| 008 - FIXED-LENGTH DATA ELEMENTS--GENERAL INFORMATION |
| fixed length control field |
260312c2015 ph r p i 00 0 eng d |
| 022 ## - INTERNATIONAL STANDARD SERIAL NUMBER |
| International Standard Serial Number |
1908-3297 |
| 040 ## - CATALOGING SOURCE |
| Original cataloging agency |
CSPC |
| Language of cataloging |
eng |
| Transcribing agency |
CSPC |
| Description conventions |
rda |
| 050 ## - LIBRARY OF CONGRESS CALL NUMBER |
| Classification number |
HC460.P63 |
| 245 00 - TITLE STATEMENT |
| Title |
Promoting inclusive growth through the 4Ps. |
| 264 #1 - PRODUCTION, PUBLICATION, DISTRIBUTION, MANUFACTURE, AND COPYRIGHT NOTICE |
| Place of production, publication, distribution, manufacture |
Makati City, Philippines : |
| Name of producer, publisher, distributor, manufacturer |
Philippine Institute for Development Studies, |
| Date of production, publication, distribution, manufacture, or copyright notice |
2015. |
| 300 ## - PHYSICAL DESCRIPTION |
| Extent |
volumes : |
| Other physical details |
illustrations ; |
| Dimensions |
23 cm. |
| 336 ## - CONTENT TYPE |
| Source |
rdacontent |
| Content type term |
text |
| 337 ## - MEDIA TYPE |
| Source |
rdamedia |
| Media type term |
unmediated |
| 338 ## - CARRIER TYPE |
| Source |
rdacarrier |
| Carrier type term |
volume |
| 362 ## - DATES OF PUBLICATION AND/OR SEQUENTIAL DESIGNATION |
| Dates of publication and/or sequential designation |
2015 |
| 490 #1 - SERIES STATEMENT |
| Series statement |
Research paper series No. 2015-01 |
| 504 ## - BIBLIOGRAPHY, ETC. NOTE |
| Bibliography, etc. note |
Includes bibliographical references |
| 520 3# - SUMMARY, ETC. |
| Summary, etc. |
The Pantawid Pamilyang Pilipino Program (4ps) of the Philippines marks its fifth year of implementation in 2013 since its inception in 2008. the first batch of 4ps beneficiaries will graduate from the program in several months while the government continues to expand its implementation, devising along the way several variants that it deems necessary to address the many facets of poverty. The 4ps is by far the largest poverty reduction and social development program the Philippine government has ever implemented. Approximately PHP 120 billion have already been allocated to the program up to 2013. The programs dual objectives are social assistance and social development. It provides cash assistance to poor families to alleviate their immediate needs and aims to "break the intergenerational poverty cycle through investment in human capital". As program graduation nears, many questions arise as to what to expect from this program. At this point, it may be fitting to draw together assessments that have been conducted so far and to look into some important issues in terms of design and implementation. This paper seeks to answer the question of whether expanding the program would likely yield better results. It discusses the outstanding issues raised against the program, most especially those that bear on the program's ability to facilitate inclusive growth. |
| 610 #0 - SUBJECT ADDED ENTRY--CORPORATE NAME |
| Corporate name or jurisdiction name as entry element |
Pantawid Pamilyang Pilipino Program |
| Geographic subdivision |
Philippines |
| 650 #0 - SUBJECT ADDED ENTRY--TOPICAL TERM |
| Topical term or geographic name entry element |
Economic assistance, Domestic |
| General subdivision |
Periodicals. |
| Geographic subdivision |
Philippines |
| 650 #0 - SUBJECT ADDED ENTRY--TOPICAL TERM |
| Source of heading or term |
Government policy |
| Topical term or geographic name entry element |
Poverty |
| General subdivision |
Periodicals. |
| Geographic subdivision |
Philippines |
| 650 #0 - SUBJECT ADDED ENTRY--TOPICAL TERM |
| Topical term or geographic name entry element |
Social planning |
| General subdivision |
Periodicals. |
| 700 1# - ADDED ENTRY--PERSONAL NAME |
| Personal name |
Reyes, Celia M., |
| Relator term |
editor. |
| 942 ## - ADDED ENTRY ELEMENTS (KOHA) |
| Source of classification or shelving scheme |
Dewey Decimal Classification |
| Suppress in OPAC |
No |
| Koha item type |
Serials |
| Item part |
P944 |
| Call number prefix |
SER |
| Call number suffix |
2015 |